Pensamientos
Uloženo v:
| Hlavní autor: | |
|---|---|
| Médium: | Kniha |
| Jazyk: | španělština |
| Vydáno: |
Buenos Aires
Aguilar
1977
|
| Vydání: | 5a. ed |
| Edice: | Biblioteca de Iniciación Filosófica, 62 - 63
|
| Témata: | |
| Tagy: |
Přidat tag
Žádné tagy, Buďte první, kdo vytvoří štítek k tomuto záznamu!
|
MARC
| LEADER | 00000nam a2200000 a 4500 | ||
|---|---|---|---|
| 001 | UCV8049 | ||
| 003 | CL-VaPUC | ||
| 008 | 900425e19770000AG |||||||||||||||||spa|d | ||
| 082 | 0 | 4 | |a 194 |b PAS |2 21 |
| 100 | |a Pascal, Blaise |q (Pascal, Blas) |e autor |9 583633 | ||
| 245 | 1 | 0 | |a Pensamientos |
| 250 | |a 5a. ed | ||
| 300 | |a 2 v | ||
| 942 | |c BK | ||
| 945 | |d 19900425 00:00:00 | ||
| 260 | |a Buenos Aires |b Aguilar |c 1977 | ||
| 500 | |a v.1: El hombre sin Dios | ||
| 500 | |a v.2: El hombre con Dios | ||
| 650 | 0 | |a Filosofía francesa |9 255698 | |
| 650 | 0 | |a Filosofía cristiana |9 265980 | |
| 583 | |a last modification |c 20161116 10:06:05 |k Rodrigo Vera | ||
| 490 | 0 | |a Biblioteca de Iniciación Filosófica, 62 - 63 | |
| 999 | |c 213636 |d 213634 | ||
| 952 | |0 0 |1 0 |4 0 |6 194_000000000000000_PAS_1977 |7 0 |8 A |9 196194 |a BIBARQ |b BIBARQ |d 2019-11-14 |h v.1 |i 2641135 |o 194 PAS 1977 |p 2641135 |r 2025-01-20 |w 2019-11-14 |y BK |k ARQ | ||
| 952 | |0 0 |1 0 |4 0 |6 194_000000000000000_PAS_1977 |7 0 |8 A |9 196195 |a BIBARQ |b BIBARQ |d 2019-11-14 |h v.2 |i 2641143 |o 194 PAS 1977 |p 2641143 |r 2025-01-20 |w 2019-11-14 |y BK |k ARQ | ||
| 952 | |0 0 |1 0 |4 0 |6 194_000000000000000_PAS_1977 |7 0 |8 P |9 196196 |a BIBEDU |b BIBEDU |c BIBEDU_PB |d 2019-11-14 |h v.2 |i 1500988 |o 194 PAS 1977 |p 1500988 |r 2024-01-25 |w 2019-11-14 |y BK |k EDU | ||
| 952 | |0 0 |1 0 |4 0 |6 194_000000000000000_PAS_1977 |7 0 |8 A |9 196197 |a BIBTEO |b BIBTEO |d 2019-11-14 |h v.1 |i 2021137 |o 194 PAS 1977 |p 2021137 |r 2019-11-14 |w 2019-11-14 |y BK |k ICR | ||
| 952 | |0 0 |1 2 |4 0 |6 194_000000000000000_PAS_1977 |7 0 |8 A |9 196198 |a BIBTEO |b BIBTEO |d 2019-11-14 |h v.2 |i 2021145 |o 194 PAS 1977 |p 2021145 |r 2019-11-14 |w 2019-11-14 |x Descarte 2019 |y BK |k ICR | ||